| 000 | 00834cam a2200277 4500 | ||
|---|---|---|---|
| 001 | 25216 | ||
| 003 | BD-RjUL | ||
| 005 | 20211209050840.0 | ||
| 008 | 140316s1971 enkaf b 001 0 eng | ||
| 020 | _a0192151770 | ||
| 035 | _a(BD-RjUL)25285 | ||
| 040 |
_aDLC _cDLC _dDLC _beng |
||
| 041 | _aeng | ||
| 082 | 0 | 0 |
_a915.403 _bLAS 1971 |
| 100 | 1 |
_aLannoy, Richard. _977559 |
|
| 245 | 1 | 4 |
_aThe speaking tree: _ba study of Indian culture and society / _cRichard Lannoy |
| 260 |
_aLondon : _aNew York : _bOxford University Press, _c1971. |
||
| 300 |
_axxvii, 466 p. : _c24 cm. _b, 25 plates; illus. (incl. 1 col.) ; |
||
| 350 | _a£5.50 | ||
| 504 | _aIncludes index | ||
| 650 | 0 |
_aReligion and state _zIndia. _977560 |
|
| 651 | 0 |
_aIndia _xCivilization. _977561 |
|
| 942 |
_2ddc _cBK |
||
| 999 |
_c25216 _d25216 |
||